| 000 | 00368nam a2200133Ia 4500 | ||
|---|---|---|---|
| 005 | 20260328104313.0 | ||
| 008 | 260328s9999||||xx |||||||||||||| ||und|| | ||
| 100 | _aAndersson, Thorbjörn | ||
| 245 | 0 |
_aWaterfront Promenade Design : _b Urban reviva Strategies / _cThorbjörn Andersson |
|
| 260 | _bImages | ||
| 300 | _a255 p. | ||
| 650 | _aDISEÑO URBANO | ||
| 942 | _cBK | ||
| 999 |
_c11036 _d11036 |
||